Szczegóły MARC21

"O Schweizerland, du schöne Braut" : politische Schweizer Literatur 1798-1848 /

003 -Nazwa inst., której nr kontr. jest w polu 001 [,]
    • @
    • Nazwa instytucji, której n kontrolny jest w polu 001
    • NUKAT
005 -DATA I CZAS OSTATNIEJ MODYFIKACJI [,]
    • @
    • pole kontrolne
    • 20241231115502.0
020 -Międzynarod. znormalizowany nr książki - ISBN [ , ]
    • a
    • Numer ISBN
    • 3857912928 Find
040 -Instytucja sporządzająca opis [ , ]
    • a
    • Instytucja, która sporządziła opis (NP)
    • KAT U/46IF
    • c
    • Instytucja, która sporządziła rekord (NP)
    • KAT U/46IF
    • d
    • Instytucja, która zmodyfikowała rekord (P)
    • KAT U/46MMs
942 -Rodzaj dokumentu [ , ]
    • c
    • Rodzaj dokumentu
    • Książka
100 -Hasło główne - nazwa osobowa [1, ]
    • a
    • Nazwa osobowa (NP)
    • Charbon, Rémy
    • d
    • Daty biograficzne (NP)
    • (1945- ).
    • 9
    • KHW
    • 458235
245 -Strefa tytułu i oznaczenia odpowiedzialności [1,0]
    • a
    • Tytuł
    • "O Schweizerland, du schöne Braut" : Find
    • b
    • Ciąg dalszy tytułu (NP)
    • politische Schweizer Literatur 1798-1848 / Find
    • c
    • Pozostałe elementy strefy tytułu i oznaczenia odpowiedzialności (NP)
    • Rémy Charbon.
246 -Wariant tytułu [3,0]
    • a
    • Tytuł (NP)
    • Politische Schweizer Literatur 1798-1848
260 -Strefa adresu wydawniczego [ , ]
    • a
    • Miejsce wydania (P)
    • Zürich :
    • b
    • Nazwa wydawcy (P)
    • Limmat Verlag,
    • c
    • Data wydania (P)
    • cop. 1998.
300 -Strefa opisu fizycznego [ , ]
    • a
    • Określenie formy książki i/lub objętość (NP)
    • 660 s. :
    • b
    • Oznaczenie ilustracji (NP)
    • faks. ;
    • c
    • Format (NP)
    • 22 cm.
336 -Typ zawartości [ , ]
    • a
    • Termin opisujący typ zawartości
    • Tekst
    • b
    • Kod określający zawartość
    • txt
    • 2
    • Źródło (terminu i kodu)
    • rdacontent
337 -Typ mediów [ , ]
    • a
    • Tryb odtwarzania
    • Bez urządzenia pośredniczącego
    • b
    • Kod typu mediów
    • n
    • 2
    • Źródło (terminu i kodu)
    • rdamedia
338 -Typ/rodzaj nośnika [ , ]
    • a
    • Hasło opisujące typ nośnika
    • Wolumin
    • b
    • Kod typu nośnika
    • nc
    • 2
    • Źródło (terminu i kodu)
    • rdacarrier
504 -Uwaga dot. bibliogr. załącznikowej [ , ]
    • a
    • Uwaga dot. bibliografii załącznikowej
    • Indeks.
650 -Hasło przedmiotowe [ ,7]
    • a
    • Hasło przedmiotowe
    • Literatura szwajcarska w języku niemieckim
    • y
    • Określnik chronologiczny
    • 18 w.
    • x
    • Określnik rzeczowy
    • historia i krytyka.
    • 2
    • Źródło terminu
    • kaba
    • 9
    • KHW
    • 458327
650 -Hasło przedmiotowe [ ,7]
    • a
    • Hasło przedmiotowe
    • Literatura szwajcarska w języku niemieckim
    • y
    • Określnik chronologiczny
    • 19 w.
    • x
    • Określnik rzeczowy
    • historia i krytyka.
    • 2
    • Źródło terminu
    • kaba
    • 9
    • KHW
    • 458328
650 -Hasło przedmiotowe [ ,7]
    • a
    • Hasło przedmiotowe
    • Polityka
    • x
    • Określnik rzeczowy
    • w literaturze.
    • 2
    • Źródło terminu
    • kaba
    • 9
    • KHW
    • 124691
920 -ISBN [ , ]
    • a
    • ISBN
    • 3-85791-292-8 Find
Status udost. Numer inwentarzowy Lokalizacja Data inwentaryzacji Obwoluta Sygnatura
-3G.19517BM2018-07-171Germ. Antologie 32